Recenzia na publikáciu Využívanie prieskumu trhu v podnikovej praxi

Guardado en:
Detalles Bibliográficos
Autor principal: Štetka, Peter, 1986-
Formato: Capítulo de libro
Lenguaje:eslovaco
Etiquetas: Agregar Etiqueta
Sin Etiquetas, Sea el primero en etiquetar este registro!

MARC

LEADER 00000nla a2200000 4500
001 0210698
005 20240502073517.8
041 0 |a slo 
044 |a SK 
245 1 0 |a Recenzia na publikáciu Využívanie prieskumu trhu v podnikovej praxi  |c Peter Štetka 
100 1 |a Štetka, Peter, 1986-